00385 a2200145 4500003000400000005001700004008004100021020001800062040000900080082001800089100002400107245005300131260004600184300000900230OSt20240801151434.0231017b |||||||| |||| 00| 0 eng d a2600442166900 coclc a892.78bAAR/I aAarifi,Abdin Rahmen aISTHAMTHAH BI HAYATHIKA /cDr Abdu rahmen aarifi aEgypth:bDhar thoufikiya lithuras,c2009. a472p